=LDR 00000nam 2200000 4500 =001 INLIS000000000044828 =005 20131008110751 =008 ***********************************ind** =035 ##$$0010-101300000002750 =041 ##$$a ind =082 ##$$a 808.89 =090 ##$$a 808.89 , Zub ,d =100 ##$$a ZUBLI, Rita la Fontaine De Clercq =245 ##$$a Disquesed Sang Penyamar , Memoar Masa Perang , Rita La Fontaine De Clercq Zubli =260 ##$$a 2009 $b Jakarta =300 ##$$a 384 hlm. , 20 cm =650 ##$$a CERITA HISTORI =850 ##$$a NBPNMAT =990 ##$$a 2090100947/BPAP-NTB/2015